[Event "Toronto Crown op"]
[Site "Toronto"]
[Date "2019.08.31"]
[Round "1"]
[White "Franco, Ryan"]
[Black "Sapozhnikov, Roman"]
[Result "1-0"]
[WhiteElo "2072"]
[BlackElo "2185"]
[PlyCount "79"]
[EventDate "2019.08.31"]
[EventType "swiss"]
[EventRounds "6"]
[EventCountry "CAN"]
[SourceTitle "EXT 2020"]
[Source "ChessBase"]
[SourceDate "2019.10.17"]
[SourceVersion "1"]
[SourceVersionDate "2019.10.17"]
[SourceQuality "1"]

1. Nf3 Nf6 2. c4 g6 3. g3 Bg7 4. Bg2 0-0 5. 0-0 d6 6. Nc3 e5 7. d4 Nbd7 8. h3 a6 9. Be3 Re8 10. Qd2 c6 11. Rfd1 e4 12. Ne1 d5 13. cxd5 cxd5 14. Nc2 Nb6 15. b3 h5 16. a4 Be6 17. a5 Nc8 18. Na4 Nd6 19. Bf4 Nh7 20. Nc5 g5 21. Bxd6 Qxd6 22. Nxb7 Qc7 23. Nc5 h4 24. g4 Bf8 25. Rdc1 Bd6 26. Nb4 Qe7 27. e3 Rf8 28. f3 f5 29. gxf5 exf3 30. fxe6 fxg2 31. Nxd5 Qe8 32. Qxg2 Bxc5 33. Nc7 Qe7 34. Rxc5 Ra7 35. Rac1 Rb8 36. Qe4 Nf6 37. Qg6+ Kh8 38. Qh6+ Nh7 39. Nd5 Qd6 40. Rc8+ 1-0

[Event "Mississauga Spring op"]
[Site "Mississauga"]
[Date "2019.03.23"]
[Round "3.4"]
[White "Li, William"]
[Black "Sapozhnikov, Roman"]
[Result "0-1"]
[WhiteElo "2274"]
[BlackElo "2308"]
[PlyCount "130"]
[EventDate "2019.03.23"]
[EventType "swiss"]
[EventRounds "5"]
[EventCountry "CAN"]
[SourceTitle "EXT 2022"]
[Source "ChessBase"]
[SourceDate "2021.10.06"]
[SourceVersion "1"]
[SourceVersionDate "2021.10.06"]
[SourceQuality "1"]

1. e4 c5 2. Nf3 e6 3. d4 cxd4 4. Nxd4 Nc6 5. Nc3 Qc7 6. Be2 a6 7. 0-0 Nf6 8. Be3 Be7 9. f4 d6 10. Bf3 0-0 11. Nxc6 bxc6 12. Na4 d5 13. e5 Nd7 14. c4 dxc4 15. Qe2 Bb7 16. Be4 g6 17. Qxc4 c5 18. Rac1 Nb6 19. Nxb6 Qxb6 20. Rf2 Bxe4 21. Qxe4 Rfd8 22. g4 Rab8 23. f5 Bh4 24. Re2 Be7 25. f6 Bf8 26. b3 Qb4 27. Rc4 Rd1+ 28. Kg2 Qb5 29. Qf3 Rbd8 30. Rec2 R1d5 31. Qf4 Qa5 32. Bf2 Qb5 33. g5 Qb8 34. Re2 Qb5 35. h4 Qa5 36. Be1 Qb5 37. Bc3 Rd1 38. h5 R8d3 39. Qe4 Qd7 40. hxg6 fxg6 41. Rf2 Kf7 42. b4 Qd5 43. Re2 Rc1 44. Qxd5 Rxd5 45. bxc5 Rd3 46. Rb2 Rcxc3 47. Rb7+ Kg8 48. Rxc3 Rxc3 49. Rb6 Rxc5 50. Rxe6 Kf7 51. Rxa6 Rxe5 52. Ra7+ Kg8 53. a4 Rxg5+ 54. Kf3 Rf5+ 55. Ke4 Rxf6 56. a5 Bc5 57. Rc7 Bb4 58. Ra7 h5 59. a6 Bf8 60. Ke5 Rb6 61. Kf4 Bh6+ 62. Ke5 h4 63. Ke4 h3 64. Kf3 Rb3+ 65. Kf2 Be3+ 0-1

[Event "Mississauga Spring op"]
[Site "Mississauga"]
[Date "2019.03.23"]
[Round "2.7"]
[White "Sapozhnikov, Roman"]
[Black "Feng, Richard"]
[Result "1-0"]
[WhiteElo "2308"]
[BlackElo "2085"]
[PlyCount "65"]
[EventDate "2019.03.23"]
[EventType "swiss"]
[EventRounds "5"]
[EventCountry "CAN"]
[SourceTitle "EXT 2022"]
[Source "ChessBase"]
[SourceDate "2021.10.06"]
[SourceVersion "1"]
[SourceVersionDate "2021.10.06"]
[SourceQuality "1"]

1. e4 c5 2. Nf3 d6 3. d4 cxd4 4. Nxd4 Nf6 5. Nc3 g6 6. Be3 Bg7 7. f3 0-0 8. Qd2 Nc6 9. 0-0-0 d5 10. Kb1 Rb8 11. Ndb5 dxe4 12. Qxd8 Rxd8 13. Rxd8+ Nxd8 14. Bxa7 Ra8 15. fxe4 Be6 16. Bc5 Nxe4 17. Nxe4 Bxa2+ 18. Kc1 Bh6+ 19. Kd1 Bd5 20. Nbc3 Bc4 21. Ba3 Be6 22. Bd3 Nc6 23. Ke2 Bg4+ 24. Kf2 Ne5 25. Bxe7 f5 26. Nd6 Kg7 27. h3 Bh5 28. Re1 Nc6 29. Bh4 f4 30. Nd5 Ra5 31. Bf6+ Kg8 32. Bc4 g5 33. Nxf4+ 1-0

[Event "Oakville Winter op"]
[Site "Oakville"]
[Date "2019.01.26"]
[Round "2.3"]
[White "Li, William"]
[Black "Sapozhnikov, Roman"]
[Result "1-0"]
[WhiteElo "2269"]
[BlackElo "2366"]
[PlyCount "81"]
[EventDate "2019.01.25"]
[EventType "swiss"]
[EventRounds "5"]
[EventCountry "CAN"]
[SourceTitle "EXT 2022"]
[Source "ChessBase"]
[SourceDate "2021.10.06"]
[SourceVersion "1"]
[SourceVersionDate "2021.10.06"]
[SourceQuality "1"]

1. e4 c5 2. Nf3 e6 3. d4 cxd4 4. Nxd4 Nc6 5. Nc3 Qc7 6. Be2 a6 7. 0-0 Nf6 8. Be3 Ne5 9. f4 Nc4 10. Bxc4 Qxc4 11. Qf3 Ba3 12. e5 Bxb2 13. exf6 Bxc3 14. fxg7 Rg8 15. Rad1 Rxg7 16. f5 d6 17. fxe6 Bxe6 18. Nxe6 Qxe6 19. Bf4 Be5 20. Qxb7 Rc8 21. Bxe5 dxe5 22. Rf6 Qg4 23. Rfd6 Qc4 24. Rd7 Qxc2 25. Kh1 Qc4 26. Qb6 Qc6 27. Rd8+ Ke7 28. Qb4+ Qc5 29. Qb7+ Rc7 30. R8d7+ Rxd7 31. Qxd7+ Kf6 32. Rd6+ Kg5 33. Qe7+ Kh5 34. Rh6+ Kxh6 35. Qxc5 f6 36. Qc6 Kg6 37. Qxa6 Rd7 38. g4 Re7 39. Qd6 Kf7 40. Qd5+ Kg7 41. Kg2 1-0

[Event "North American-ch U20"]
[Site "Kitchener"]
[Date "2014.08.02"]
[Round "6.5"]
[White "Sapozhnikov, Roman"]
[Black "Plotkin, Mark"]
[Result "1-0"]
[WhiteElo "2299"]
[BlackElo "2036"]
[PlyCount "93"]
[EventDate "2014.07.31"]
[EventType "swiss"]
[EventRounds "9"]
[EventCountry "CAN"]
[SourceTitle "EXT 2022"]
[Source "ChessBase"]
[SourceDate "2021.10.06"]
[SourceVersion "1"]
[SourceVersionDate "2021.10.06"]
[SourceQuality "1"]

1. e4 c5 2. Nf3 e6 3. d4 cxd4 4. Nxd4 Nf6 5. Nc3 Bb4 6. e5 Nd5 7. Qg4 0-0 8. Bh6 g6 9. Bxf8 Qxf8 10. Nde2 Qc5 11. Qg3 Nc6 12. 0-0-0 Nxc3 13. Nxc3 Bxc3 14. Qxc3 Qxc3 15. bxc3 Nxe5 16. Be2 Kf8 17. f4 Nc6 18. g4 Ke7 19. h4 d6 20. h5 e5 21. hxg6 hxg6 22. Rh8 Bxg4 23. Rxa8 Bxe2 24. Re1 Bc4 25. a3 Be6 26. Rf1 f5 27. Kd2 exf4 28. Rxf4 g5 29. Rf1 f4 30. Rh8 Ne5 31. Rh6 Bc4 32. Re1 g4 33. Re4 f3 34. Ke3 Bd5 35. Rd4 Be6 36. Kf2 d5 37. Rh7+ Kd6 38. Rxb7 Bf5 39. Rxa7 Nc6 40. Ra6 Bc8 41. Ra8 Bf5 42. Rda4 Ne5 43. Rd4 Nc6 44. Rda4 Ne5 45. Rd8+ Nd7 46. Rd4 Ke6 47. Rxd7 1-0

[Event "North American-ch U20"]
[Site "Kitchener"]
[Date "2014.08.01"]
[Round "4.2"]
[White "Sapozhnikov, Roman"]
[Black "Ivanov, Mike"]
[Result "1-0"]
[WhiteElo "2299"]
[BlackElo "2137"]
[PlyCount "123"]
[EventDate "2014.07.31"]
[EventType "swiss"]
[EventRounds "9"]
[EventCountry "CAN"]
[SourceTitle "EXT 2022"]
[Source "ChessBase"]
[SourceDate "2021.10.06"]
[SourceVersion "1"]
[SourceVersionDate "2021.10.06"]
[SourceQuality "1"]

1. e4 g6 2. d4 Bg7 3. Nf3 d6 4. Bc4 c6 5. Qe2 b5 6. Bb3 a5 7. a4 b4 8. Bc4 Nf6 9. e5 dxe5 10. dxe5 Nd5 11. h3 Nb6 12. Bd3 0-0 13. h4 h5 14. e6 f5 15. 0-0 Qd5 16. Ng5 c5 17. Rd1 Qe5 18. Qxe5 Bxe5 19. Bb5 Bb7 20. Nd2 Nc6 21. Nb3 Nd4 22. Nxc5 Nxc2 23. Rb1 Rad8 24. Be2 Nd4 25. Rxd4 Bxd4 26. Nxb7 Ra8 27. Nf3 Bf6 28. Nc5 Rfc8 29. Nd7 Nxa4 30. Bb5 Rxc1+ 31. Rxc1 Bxb2 32. Rc2 Nc3 33. Rxb2 Nxb5 34. Nb6 Ra6 35. Nc4 Kg7 36. Nfd2 Nc3 37. Kf1 Kf6 38. Nb3 a4 39. Nc5 Rc6 40. Nd7+ Kxe6 41. Rxb4 a3 42. Nf8+ Kd5 43. Nxa3 Ne4 44. Ke2 Rc3 45. Ra4 Rb3 46. Ra5+ Kd4 47. Ra4+ Kd5 48. Ra5+ Kd4 49. Nc2+ Kc3 50. Ra2 g5 51. hxg5 Nxg5 52. Ne3 f4 53. Nd5+ Kd4 54. Nxf4 h4 55. Ra4+ Ke5 56. N8g6+ Kf6 57. Nxh4 e5 58. Ra6+ Kf7 59. Nd3 Rb5 60. Nf3 e4 61. Nxg5+ Rxg5 62. Nf4 1-0

[Event "North American-ch U20"]
[Site "Kitchener"]
[Date "2014.07.31"]
[Round "1.4"]
[White "Vettese, Nicholas"]
[Black "Sapozhnikov, Roman"]
[Result "0-1"]
[WhiteElo "1916"]
[BlackElo "2299"]
[PlyCount "66"]
[EventDate "2014.07.31"]
[EventType "swiss"]
[EventRounds "9"]
[EventCountry "CAN"]
[SourceTitle "EXT 2022"]
[Source "ChessBase"]
[SourceDate "2021.10.06"]
[SourceVersion "1"]
[SourceVersionDate "2021.10.06"]
[SourceQuality "1"]

1. e4 c5 2. Nf3 d6 3. d4 Nf6 4. dxc5 Qa5+ 5. c3 Qxc5 6. Be3 Qc7 7. Be2 g6 8. 0-0 Bg7 9. Qc2 0-0 10. a4 b6 11. a5 Bb7 12. axb6 axb6 13. Rxa8 Bxa8 14. Nbd2 Nbd7 15. Bf4 Qc6 16. Nd4 Qb7 17. Bg5 Qa7 18. f3 Rc8 19. Nb5 Qb8 20. f4 Nc5 21. Bf3 Ne6 22. Bxf6 Bxf6 23. Bg4 Rc5 24. Bxe6 Rxb5 25. Bc4 Rc5 26. Qb3 e6 27. f5 exf5 28. Bxf7+ Kg7 29. exf5 Qb7 30. Rf2 Qxf7 31. Qxb6 Qb7 32. Qxb7+ Bxb7 33. fxg6 Kxg6 0-1

[Event "Canadian op 51st"]
[Site "Montreal"]
[Date "2014.07.22"]
[Round "5"]
[White "Tang, Edward"]
[Black "Sapozhnikov, Roman"]
[Result "0-1"]
[WhiteElo "2161"]
[BlackElo "2299"]
[PlyCount "70"]
[EventDate "2014.07.19"]
[EventType "swiss"]
[EventRounds "9"]
[EventCountry "CAN"]
[SourceTitle "CBM 161 Extra"]
[Source "ChessBase"]
[SourceDate "2014.08.29"]
[SourceVersion "1"]
[SourceVersionDate "2014.08.29"]
[SourceQuality "1"]

1. d4 Nf6 2. c4 e6 3. Nc3 Bb4 4. e3 c5 5. Bd3 cxd4 6. exd4 d5 7. Nf3 0-0 8. 0-0 dxc4 9. Bxc4 b6 10. Bg5 Nc6 11. Rc1 Bb7 12. Bd3 Be7 13. Bb1 Nb4 14. Ne5 g6 15. Bh6 Re8 16. Re1 Nbd5 17. Qe2 Bf8 18. Bg5 h6 19. Bd2 Nxc3 20. bxc3 Qd5 21. f3 Bg7 22. Be3 Re7 23. c4 Qa5 24. Red1 Rc8 25. Qd3 Nd7 26. Ng4 Kh7 27. Nf2 e5 28. Bd2 Qa4 29. Ne4 exd4 30. Nd6 Nc5 31. Qc2 Qxc2 32. Bxc2 Rb8 33. Nxb7 Nxb7 34. Kf1 d3 35. Bb1 a5 0-1

[Event "Canadian op 51st"]
[Site "Montreal"]
[Date "2014.07.20"]
[Round "3"]
[White "Sapozhnikov, Roman"]
[Black "Villavieja, Butch"]
[Result "1-0"]
[WhiteElo "2299"]
[BlackElo "2158"]
[PlyCount "75"]
[EventDate "2014.07.19"]
[EventType "swiss"]
[EventRounds "9"]
[EventCountry "CAN"]
[SourceTitle "CBM 161 Extra"]
[Source "ChessBase"]
[SourceDate "2014.08.29"]
[SourceVersion "1"]
[SourceVersionDate "2014.08.29"]
[SourceQuality "1"]

1. d4 Nf6 2. c4 g6 3. Nc3 Bg7 4. Nf3 0-0 5. Bg5 h6 6. Bh4 d6 7. e3 Nc6 8. d5 Nb8 9. Be2 Nbd7 10. Nd2 Ne5 11. Qc2 c5 12. 0-0 a6 13. Bg3 Ne8 14. h3 Nd7 15. a3 Ndf6 16. b4 b6 17. Rab1 Nd7 18. Rfc1 Ra7 19. Nb3 Ra8 20. Nd2 cxb4 21. axb4 a5 22. bxa5 bxa5 23. Nb3 a4 24. Nd4 Nc5 25. Rb4 Bxd4 26. exd4 Nb3 27. Rd1 Bd7 28. Bf4 Kg7 29. Qb2 Nf6 30. c5 dxc5 31. dxc5 Nxc5 32. Qa3 Qa5 33. d6 e6 34. Be5 Rfc8 35. Rf4 Nb3 36. Bxf6+ Kg8 37. Ne4 e5 38. Rh4 1-0

[Event "Aurora Summer op"]
[Site "Aurora"]
[Date "2014.07.05"]
[Round "3.3"]
[White "Sapozhnikov, Roman"]
[Black "Ochkoos, Jura"]
[Result "1/2-1/2"]
[WhiteElo "2406"]
[BlackElo "2342"]
[PlyCount "111"]
[EventDate "2014.07.05"]
[EventType "swiss"]
[EventRounds "5"]
[EventCountry "CAN"]
[SourceTitle "EXT 2022"]
[Source "ChessBase"]
[SourceDate "2021.10.06"]
[SourceVersion "1"]
[SourceVersionDate "2021.10.06"]
[SourceQuality "1"]

1. d4 d5 2. c4 e6 3. Nf3 c5 4. cxd5 exd5 5. Nc3 Nc6 6. g3 c4 7. Bg2 Bb4 8. 0-0 Nge7 9. Ne5 0-0 10. Nxc6 bxc6 11. Na4 Bf5 12. b3 cxb3 13. axb3 Nc8 14. Ba3 Bxa3 15. Rxa3 Nd6 16. Nc5 Nb5 17. Ra1 Qc8 18. Qd2 Bh3 19. Rfc1 Bxg2 20. Kxg2 Rb8 21. Qf4 Re8 22. Rc2 Rb6 23. f3 h6 24. h4 Qd8 25. h5 Qe7 26. Kf2 Qd8 27. Rh1 Qe7 28. Ra1 Qd8 29. Na4 Ra6 30. Rac1 Qe7 31. Nc5 Ra3 32. Rd1 Qd8 33. Rd3 Ra1 34. Rc1 Ra2 35. Rd2 Qa5 36. Rcc2 Rxc2 37. Rxc2 Qa1 38. Rd2 Qh1 39. Qh4 Qc1 40. Qf4 Nc3 41. e4 Qh1 42. e5 Qh2+ 43. Ke3 Qxh5 44. g4 Qh1 45. Rc2 Qe1+ 46. Kd3 Nb5 47. Qe3 Qb1 48. Kd2 Qa1 49. Kd3 Qd1+ 50. Rd2 Qf1+ 51. Kc2 Qa1 52. Kd3 Qf1+ 53. Kc2 Qa1 54. Kd3 Qf1+ 55. Kc2 Qa1 56. Kd3 1/2-1/2

[Event "Arlington DC op 2nd"]
[Site "Arlington"]
[Date "2014.06.29"]
[Round "7"]
[White "Vigorito, David"]
[Black "Sapozhnikov, Roman"]
[Result "1-0"]
[WhiteElo "2409"]
[BlackElo "2298"]
[PlyCount "61"]
[EventDate "2014.06.26"]
[EventType "swiss"]
[EventRounds "9"]
[EventCountry "USA"]
[SourceTitle "CBM 161 Extra"]
[Source "ChessBase"]
[SourceDate "2014.08.29"]
[SourceVersion "1"]
[SourceVersionDate "2014.08.29"]
[SourceQuality "1"]

1. Nf3 Nf6 2. c4 e6 3. g3 d5 4. d4 Bb4+ 5. Bd2 Be7 6. Bg2 0-0 7. 0-0 c6 8. Qc2 Nbd7 9. Bf4 b6 10. Rd1 Ba6 11. Ne5 Rc8 12. Nc3 Nh5 13. Bc1 f5 14. Qa4 Nxe5 15. cxd5 cxd5 16. dxe5 Bb7 17. Qxa7 Bc6 18. Be3 b5 19. Bc5 Rf7 20. Bxe7 Rxe7 21. Qd4 Be8 22. e3 Rc4 23. Qd3 Qa5 24. a4 Qb4 25. axb5 g6 26. Nxd5 exd5 27. Bxd5+ Bf7 28. Ra8+ Kg7 29. Qxc4 Qxc4 30. Bxc4 Bxc4 31. b6 1-0

[Event "Arlington DC op 2nd"]
[Site "Arlington"]
[Date "2014.06.27"]
[Round "4"]
[White "Sapozhnikov, Roman"]
[Black "Ippolito, Dean"]
[Result "1-0"]
[WhiteElo "2298"]
[BlackElo "2430"]
[PlyCount "119"]
[EventDate "2014.06.26"]
[EventType "swiss"]
[EventRounds "9"]
[EventCountry "USA"]
[SourceTitle "CBM 161 Extra"]
[Source "ChessBase"]
[SourceDate "2014.08.29"]
[SourceVersion "1"]
[SourceVersionDate "2014.08.29"]
[SourceQuality "1"]

1. e4 e5 2. Nf3 Nf6 3. Nxe5 d6 4. Nf3 Nxe4 5. Nc3 Nxc3 6. dxc3 Be7 7. Be3 0-0 8. Qd2 Nd7 9. 0-0-0 Ne5 10. Nxe5 dxe5 11. Bd3 Be6 12. Qe2 Bd6 13. c4 Qe7 14. g4 Rad8 15. h4 f6 16. Be4 Kh8 17. Kb1 c6 18. c3 Qf7 19. b3 b5 20. Rxd6 Rxd6 21. Bc5 Rfd8 22. Bxd6 Rxd6 23. c5 Rd8 24. Rd1 Bd5 25. Kc1 Rd7 26. Bf5 Rb7 27. h5 g6 28. hxg6 hxg6 29. Bc2 Qg7 30. Qe3 Qh7 31. g5 Kg7 32. gxf6+ Kxf6 33. Rg1 Rg7 34. Qg5+ Kf7 35. Qxe5 Qh5 36. Bxg6+ Qxg6 37. Rxg6 Rxg6 38. Qf5+ Rf6 39. Qd7+ Kg6 40. Qg4+ Kf7 41. f4 Be6 42. Qh5+ Kg7 43. Qe5 Kg6 44. Qc7 Bd5 45. Kd2 a6 46. Kd3 Re6 47. c4 bxc4+ 48. bxc4 Bf3 49. Kc3 Be2 50. Kb4 Kf5 51. Qf7+ Rf6 52. Qh7+ Rg6 53. Qe7 Bf3 54. Qe5+ Kg4 55. Ka5 Bg2 56. Kxa6 Bh3 57. f5 Rg5 58. Qe4+ Kh5 59. f6 Rf5 60. Qxf5+ 1-0

[Event "Chicago op 23rd"]
[Site "Wheeling"]
[Date "2014.05.25"]
[Round "7"]
[White "Sapozhnikov, Roman"]
[Black "Yanayt, Eugene"]
[Result "1/2-1/2"]
[WhiteElo "2329"]
[BlackElo "2226"]
[PlyCount "127"]
[EventDate "2014.05.22"]
[EventType "swiss"]
[EventRounds "9"]
[EventCountry "USA"]
[SourceTitle "CBM 160 Extra"]
[Source "ChessBase"]
[SourceDate "2014.07.01"]
[SourceVersion "1"]
[SourceVersionDate "2014.07.01"]
[SourceQuality "1"]

1. d4 Nf6 2. c4 g6 3. Nc3 Bg7 4. Nf3 0-0 5. Bg5 h6 6. Bh4 d6 7. e3 g5 8. Bg3 Nh5 9. Qc2 f5 10. Be2 e5 11. dxe5 Nxg3 12. hxg3 dxe5 13. Qb3 e4 14. c5+ Kh7 15. Rd1 Nd7 16. Nd4 Nxc5 17. Qa3 Nd3+ 18. Bxd3 exd3 19. Rxd3 c6 20. f4 gxf4 21. gxf4 Be6 22. Kf2 Bc4 23. Rdd1 Qf6 24. Qb4 Ba6 25. Nb3 Rfd8 26. Qa5 Bf8 27. Nd4 c5 28. Nf3 Qb6 29. Qxb6 axb6 30. Ng5+ Kg6 31. Ne6 Rxd1 32. Rxd1 Be7 33. Rd7 Kf7 34. Ng7 Kxg7 35. Rxe7+ Kg6 36. Re6+ Kh5 37. Rxb6 Rd8 38. Rf6 Bd3 39. a4 Rb8 40. Rb6 Ba6 41. Ne2 Bxe2 42. Kxe2 Ra8 43. b3 c4 44. bxc4 Rxa4 45. Kd3 Ra3+ 46. Kd4 Ra2 47. Rxb7 Rxg2 48. c5 Rd2+ 49. Ke5 Rd3 50. c6 Rxe3+ 51. Kd4 Re1 52. Rb4 Re8 53. Kd5 Kg4 54. c7 Rc8 55. Kd6 h5 56. Rb8 Rxc7 57. Kxc7 h4 58. Kd6 Kxf4 59. Rb3 Kg4 60. Ke5 h3 61. Rb4+ Kg3 62. Rb3+ Kg4 63. Rb4+ Kg3 64. Rb3+ 1/2-1/2

[Event "Chicago op 23rd"]
[Site "Wheeling"]
[Date "2014.05.23"]
[Round "3"]
[White "Sapozhnikov, Roman"]
[Black "Li, Ethan"]
[Result "1/2-1/2"]
[WhiteElo "2329"]
[BlackElo "2138"]
[PlyCount "138"]
[EventDate "2014.05.22"]
[EventType "swiss"]
[EventRounds "9"]
[EventCountry "USA"]
[SourceTitle "CBM 160 Extra"]
[Source "ChessBase"]
[SourceDate "2014.07.01"]
[SourceVersion "1"]
[SourceVersionDate "2014.07.01"]
[SourceQuality "1"]

1. d4 Nf6 2. c4 e6 3. Nc3 Bb4 4. Qc2 0-0 5. a3 Bxc3+ 6. Qxc3 d6 7. Bg5 Nbd7 8. e3 b6 9. Nf3 Bb7 10. Nd2 Rc8 11. f3 c5 12. Bd3 cxd4 13. Qxd4 Qc7 14. 0-0 Rfe8 15. e4 d5 16. exd5 exd5 17. Bf5 Qe5 18. Qxe5 Rxe5 19. g4 Rce8 20. Bf4 Re2 21. Rf2 Re1+ 22. Rxe1 Rxe1+ 23. Rf1 Rxf1+ 24. Kxf1 dxc4 25. Kf2 Ba6 26. g5 Nd5 27. Bd6 Nf8 28. Bb8 Ne7 29. Be4 Nd7 30. Bd6 Nc8 31. Bb4 b5 32. Nb1 Ncb6 33. Nc3 Ne5 34. Ke3 Nd3 35. Bxd3 cxd3 36. Kxd3 Na4 37. Nd5 Nxb2+ 38. Kd4 Bb7 39. Ne7+ Kf8 40. Nc8+ Kg8 41. Nxa7 Bxf3 42. Nxb5 Na4 43. Ke5 Bg4 44. Nd4 h6 45. gxh6 gxh6 46. Nf5 Kh7 47. Kf6 Nb6 48. Nd6 Bh5 49. Nxf7 Nd5+ 50. Ke6 Nf4+ 51. Ke7 Nd5+ 52. Kf8 Kg6 53. Bd2 Nb6 54. Bxh6 Kf6 55. Bg5+ Ke6 56. Nd8+ Kf5 57. Be3 Nc4 58. Bc5 Bd1 59. Nf7 Kg4 60. Nd6 Nxd6 61. Bxd6 Kf5 62. Ke7 Ke4 63. Kd7 Kd5 64. Kc7 Kc4 65. Kb6 Kb3 66. Kb5 Bc2 67. Kc6 Ka4 68. Bb4 Bf5 69. Kc5 Bg4 1/2-1/2

[Event "Toronto Crown op"]
[Site "Toronto"]
[Date "2014.04.19"]
[Round "3"]
[White "Sapozhnikov, Roman"]
[Black "Gerzhoy, Leonid"]
[Result "0-1"]
[WhiteElo "2311"]
[BlackElo "2468"]
[PlyCount "148"]
[EventDate "2014.04.18"]
[EventType "swiss"]
[EventRounds "6"]
[EventCountry "CAN"]
[SourceTitle "CBM 159 Extra"]
[Source "ChessBase"]
[SourceDate "2014.04.24"]
[SourceVersion "1"]
[SourceVersionDate "2014.04.24"]
[SourceQuality "1"]

1. d4 Nf6 2. c4 d6 3. Nf3 Nbd7 4. Nc3 e5 5. e4 Be7 6. g3 0-0 7. Bg2 c6 8. 0-0 a6 9. a4 a5 10. Re1 Re8 11. h3 Bf8 12. b3 exd4 13. Nxd4 Nc5 14. Re2 g6 15. Qc2 Bg7 16. Be3 Nfd7 17. Rd1 Qb6 18. Rb1 Nf8 19. Qd2 Bd7 20. f3 Rad8 21. Ree1 Bc8 22. Red1 Qc7 23. Bg5 Rd7 24. Be3 Na6 25. h4 Nb4 26. Kf2 Ne6 27. Nde2 b6 28. h5 Bb7 29. Nf4 Nxf4 30. Bxf4 Rdd8 31. Rbc1 Qe7 32. hxg6 hxg6 33. Re1 Qf8 34. Bg5 Rc8 35. Bh3 Rc7 36. Be3 c5 37. Nb5 Rce7 38. Bf4 Rd8 39. Rcd1 Be5 40. Bh6 Qe8 41. Rh1 d5 42. cxd5 Bxd5 43. exd5 Rxd5 44. Qc1 Nd3+ 45. Rxd3 Rxd3 46. Rd1 Qd8 47. Rxd3 Qxd3 48. Bf1 Qxb3 49. Qd2 Bf6 50. Qd8+ Kh7 51. Qd6 Re6 52. Qf8 Qa2+ 53. Kg1 Re1 54. Bf4 Bg7 55. Qc8 f5 56. Qd8 Qe2 57. Qh4+ Kg8 58. Qh3 Qxf3 59. Qg2 Qxg2+ 60. Kxg2 Ra1 61. Bc4+ Kh7 62. Bb3 Rb1 63. Be6 Rb4 64. Bc7 Rxa4 65. Bxb6 c4 66. Bc5 c3 67. Na3 Re4 68. Bb3 Bd4 69. Bd6 Be5 70. Bc5 Rg4 71. Bf2 Bxg3 72. Kf3 Bxf2 73. Kxf2 Rb4 74. Bc2 Rb2 0-1

[Event "Toronto Crown op"]
[Site "Toronto"]
[Date "2014.04.18"]
[Round "2"]
[White "Itkin, David"]
[Black "Sapozhnikov, Roman"]
[Result "1-0"]
[WhiteElo "2046"]
[BlackElo "2311"]
[PlyCount "92"]
[EventDate "2014.04.18"]
[EventType "swiss"]
[EventRounds "6"]
[EventCountry "CAN"]
[SourceTitle "CBM 159 Extra"]
[Source "ChessBase"]
[SourceDate "2014.04.24"]
[SourceVersion "1"]
[SourceVersionDate "2014.04.24"]
[SourceQuality "1"]

1. e4 e5 2. Nf3 Nc6 3. Nc3 Nf6 4. Be2 Bb4 5. Nd5 Ba5 6. Nxf6+ Qxf6 7. 0-0 d6 8. c3 0-0 9. d4 exd4 10. cxd4 Re8 11. d5 Ne5 12. Qa4 Bg4 13. Qxa5 Nxf3+ 14. Bxf3 Bxf3 15. gxf3 Qxf3 16. Qc3 Qxe4 17. Qg3 Qxd5 18. Bh6 Qe5 19. Bf4 Qa5 20. Bh6 Qe5 21. Bf4 Qf6 22. Rac1 Re4 23. Bd2 Qf5 24. f3 Re6 25. Kh1 c5 26. Rce1 d5 27. Rxe6 fxe6 28. b4 Qd3 29. Qe1 e5 30. bxc5 Rf8 31. Qf2 e4 32. f4 d4 33. Rg1 e3 34. Qg2 Rf7 35. Bb4 Qc4 36. a3 d3 37. Qf3 Qxf4 38. Qxf4 Rxf4 39. Bc3 g6 40. Rd1 d2 41. Bxd2 Rd4 42. Kg1 exd2 43. Kf2 Kf7 44. Ke3 Rd5 45. Ke4 Ke6 46. a4 Rxc5 1-0

[Event "Toronto Crown op"]
[Site "Toronto"]
[Date "2014.04.18"]
[Round "1"]
[White "Sapozhnikov, Roman"]
[Black "Filipovich, David"]
[Result "1-0"]
[WhiteElo "2311"]
[BlackElo "2082"]
[PlyCount "73"]
[EventDate "2014.04.18"]
[EventType "swiss"]
[EventRounds "6"]
[EventCountry "CAN"]
[SourceTitle "CBM 159 Extra"]
[Source "ChessBase"]
[SourceDate "2014.04.24"]
[SourceVersion "1"]
[SourceVersionDate "2014.04.24"]
[SourceQuality "1"]

1. d4 g6 2. e4 Bg7 3. Nc3 c6 4. Bc4 b5 5. Bb3 a5 6. a4 b4 7. Nce2 d5 8. e5 f6 9. f4 Nh6 10. Nf3 0-0 11. 0-0 Bg4 12. h3 Bxf3 13. Rxf3 fxe5 14. dxe5 e6 15. c4 bxc3 16. Rxc3 Qd7 17. Nd4 Nf5 18. Nxf5 Rxf5 19. Be3 Na6 20. Rac1 Nb4 21. g4 Rf7 22. g5 Kh8 23. Qd2 Raf8 24. Rd1 Rf5 25. Bc2 R5f7 26. h4 Qb7 27. Bb1 Qa6 28. Bd3 Qb7 29. Be2 d4 30. Qxd4 Nd5 31. Rc4 Nxf4 32. Bxf4 Rxf4 33. Qxf4 Rxf4 34. Rxf4 Qb6+ 35. Kf1 Bxe5 36. Rf8+ Kg7 37. Rfd8 1-0

[Event "North American op 23rd"]
[Site "Las Vegas"]
[Date "2013.12.29"]
[Round "8"]
[White "Sapozhnikov, Roman"]
[Black "Wang, Kevin A"]
[Result "1-0"]
[WhiteElo "2293"]
[BlackElo "2333"]
[PlyCount "37"]
[EventDate "2013.12.26"]
[EventType "swiss"]
[EventRounds "9"]
[EventCountry "USA"]
[SourceTitle "CBM 158 Extra"]
[Source "ChessBase"]
[SourceDate "2014.02.28"]
[SourceVersion "1"]
[SourceVersionDate "2014.02.28"]
[SourceQuality "1"]

1. e4 c5 2. Nf3 e6 3. d4 cxd4 4. Nxd4 a6 5. Bd3 Nf6 6. 0-0 d6 7. c4 Qc7 8. Nc3 Be7 9. b3 Nbd7 10. f4 b5 11. Be3 bxc4 12. Bxc4 Nb6 13. Bd3 e5 14. Nf5 Bxf5 15. exf5 Qxc3 16. Bxb6 Qb4 17. Be3 Nd5 18. Qf3 Nxe3 19. Qc6+ 1-0

[Event "North American op 23rd"]
[Site "Las Vegas"]
[Date "2013.12.27"]
[Round "3"]
[White "Sapozhnikov, Roman"]
[Black "Gerzhoy, Leonid"]
[Result "1-0"]
[WhiteElo "2293"]
[BlackElo "2481"]
[PlyCount "113"]
[EventDate "2013.12.26"]
[EventType "swiss"]
[EventRounds "9"]
[EventCountry "USA"]
[SourceTitle "CBM 158 Extra"]
[Source "ChessBase"]
[SourceDate "2014.02.28"]
[SourceVersion "1"]
[SourceVersionDate "2014.02.28"]
[SourceQuality "1"]

1. e4 c5 2. Nf3 d6 3. d4 cxd4 4. Nxd4 Nf6 5. Nc3 Nc6 6. Bg5 e6 7. Qd2 Be7 8. 0-0-0 Nxd4 9. Qxd4 0-0 10. f3 a6 11. h4 Qc7 12. h5 h6 13. Bh4 b5 14. a3 Rb8 15. Bxf6 Bxf6 16. Qxd6 Qxd6 17. Rxd6 Be5 18. Rd3 a5 19. Ne2 b4 20. f4 Bc7 21. g3 Ba6 22. Rd7 bxa3 23. b3 Bb6 24. Nc3 Rfc8 25. Na2 Bxf1 26. Rxf1 a4 27. b4 Rc4 28. Rf3 Rbc8 29. Rd2 Rxe4 30. Kd1 e5 31. fxe5 Rxe5 32. Rxa3 Rxh5 33. Kc1 Rh1+ 34. Rd1 Rh3 35. Rdd3 h5 36. Nc3 Rh2 37. Rxa4 Bd8 38. Kb2 Bf6 39. Kb3 Rh1 40. b5 Rc5 41. Rb4 Rc8 42. b6 Kh7 43. Nd5 Be5 44. Ne7 Rb8 45. Kc4 h4 46. Nc6 Rc8 47. Kd5 Bxg3 48. b7 Re8 49. b8Q Bxb8 50. Rxb8 Rxb8 51. Nxb8 g5 52. Nd7 f5 53. Ke5 Kg6 54. Rd6+ Kf7 55. Kxf5 Ke7 56. Rd2 Rg1 57. Ne5 1-0